Zásady zákona o dopravě

Pretrvávanie problému vo sfére dopravy v ČR po r. 1989. Postupné vytváranie jednotnej integrovanej dopravnej politiky v krajinách EU ale i v ČR. Vypracovanie zásad o doprave pri príprave zákona o doprave. 15 zásad o doprave, ktoré sú pripravené na odbornú diskusiu.

Enregistré dans:
Détails bibliographiques
Auteur principal: Zeman, J.
Format: Chapitre de livre
Langue:tchèque
Sujets:
Tags: Ajouter un tag
Pas de tags, Soyez le premier à ajouter un tag!

MARC

LEADER 00000naa a2200000 4500
001 r024113
005 20221213082751.0
041 0 |a cze 
044 |a CZ 
245 1 0 |a Zásady zákona o dopravě  |c J. Zeman 
520 |a Pretrvávanie problému vo sfére dopravy v ČR po r. 1989. Postupné vytváranie jednotnej integrovanej dopravnej politiky v krajinách EU ale i v ČR. Vypracovanie zásad o doprave pri príprave zákona o doprave. 15 zásad o doprave, ktoré sú pripravené na odbornú diskusiu. 
610 2 0 |a politika dopravná 
610 2 0 |a Česko 
610 2 0 |a zákony 
610 2 0 |a doprava 
100 1 |a Zeman, J.